| 000 | 00739nam a2200265Ia 4500 | ||
|---|---|---|---|
| 008 | 160901s9999 xx 000 0 und d | ||
| 020 | _a0-321-27892-5 | ||
| 050 | _aComSc Z 246 | ||
| 050 | _b.S77 2005 | ||
| 100 | _aStraub, Katrin. | ||
| 245 | _aCreating a newsletter in InDesign / | ||
| 245 | _cKatrin Straub, Torsten Buck. | ||
| 260 | _aBerkeley, Calif. : | ||
| 260 | _bPeachpit Press., | ||
| 260 | _c2005 | ||
| 300 | _a129 pages : | ||
| 300 | _bcol. ill. ; | ||
| 300 | _c23 cm. | ||
| 440 | _aVisual quickstart guide | ||
| 500 | _aIncludes index. | ||
| 650 | _aAdobe InDesign (Electronic resource). | ||
| 650 | _aGraphic design (Typography). | ||
| 650 | _xDesktop publishing. | ||
| 650 | _xNewsletters -- Design. | ||
| 999 |
_c300865 _d300865 |
||